[Event "GER Cup19 sf11 serv"]
[Site "GER email"]
[Date "2013.07.14"]
[Round "?"]
[White "Buhmann, Thomas"]
[Black "Langheld, Werner"]
[Result "1/2-1/2"]
[WhiteElo "2140"]
[BlackElo "1940"]
[PlyCount "103"]
[EventDate "2013.07.20"]
[EventType "tourn (corr)"]
[EventRounds "6"]
[EventCountry "GER"]
[SourceTitle "Corr 2015"]
[Source "ChessBase"]
[SourceDate "2015.07.17"]
[SourceVersion "1"]
[SourceVersionDate "2015.07.17"]
[SourceQuality "1"]

1. d4 e6 2. c4 Bb4+ 3. Bd2 Bxd2+ 4. Qxd2 Nf6 5. Nc3 d5 6. e3 dxc4 7. Bxc4 c5 8. Nf3 cxd4 9. exd4 0-0 10. 0-0 Nc6 11. Rfd1 b6 12. Rac1 Bb7 13. Ne5 Ne7 14. Bd3 Rc8 15. a3 Nfd5 16. f3 Nxc3 17. bxc3 Rc7 18. Re1 f6 19. Ng4 Qd6 20. Nf2 Rd8 21. Qa2 Nd5 22. c4 Nf4 23. Bf1 Qd7 24. Rcd1 Ng6 25. Ne4 Nh4 26. Qb2 Bxe4 27. fxe4 Ng6 28. g3 Qe7 29. a4 Rcd7 30. Kh1 Ne5 31. Qc3 a5 32. Be2 Nc6 33. d5 Ne5 34. Qe3 Rd6 35. Rb1 Qc7 36. Bf1 Kh8 37. Qe2 Nd7 38. Bh3 Nc5 39. Qf3 h6 40. Bg4 R6d7 41. Kg2 Re7 42. Qa3 Ree8 43. Bh5 Re7 44. Bf3 Rde8 45. Bh5 Rb8 46. Rbd1 Qe5 47. Bg4 Rbe8 48. Bf3 g6 49. Rb1 Rb8 50. Bg4 Rc7 51. Bf3 Re7 52. Bg4 1/2-1/2

[Event "GER Cup19 sf21 serv"]
[Site "GER email"]
[Date "2013.07.14"]
[Round "?"]
[White "Dorr, Joerg"]
[Black "Buhmann, Thomas"]
[Result "0-1"]
[WhiteElo "1778"]
[BlackElo "2140"]
[PlyCount "66"]
[EventDate "2013.07.20"]
[EventType "tourn (corr)"]
[EventRounds "6"]
[EventCountry "GER"]
[SourceTitle "Corr 2015"]
[Source "ChessBase"]
[SourceDate "2015.07.17"]
[SourceVersion "1"]
[SourceVersionDate "2015.07.17"]
[SourceQuality "1"]

1. e4 c5 2. Nf3 Nc6 3. d4 cxd4 4. Nxd4 Nf6 5. Nc3 e5 6. Ndb5 d6 7. Bg5 a6 8. Bxf6 gxf6 9. Na3 b5 10. Nd5 f5 11. Bd3 Be6 12. 0-0 Bxd5 13. exd5 Ne7 14. Re1 Bg7 15. c3 0-0 16. Nc2 Qd7 17. g3 Rae8 18. Bf1 Qb7 19. Qd2 f4 20. a4 fxg3 21. hxg3 f5 22. axb5 axb5 23. Nb4 f4 24. Bh3 Kh8 25. Qd3 Rf6 26. Ra6 fxg3 27. fxg3 Ref8 28. Rf1 Rxf1+ 29. Bxf1 Nf5 30. g4 Nh4 31. Be2 Ng6 32. Qg3 Nf4 33. Bf1 e4 0-1

[Event "GER Cup19 sf11 serv"]
[Site "GER email"]
[Date "2013.07.14"]
[Round "?"]
[White "Weber, Karlheinz"]
[Black "Buhmann, Thomas"]
[Result "1/2-1/2"]
[WhiteElo "2135"]
[BlackElo "2140"]
[PlyCount "85"]
[EventDate "2013.07.20"]
[EventType "tourn (corr)"]
[EventRounds "6"]
[EventCountry "GER"]
[SourceTitle "Corr 2015"]
[Source "ChessBase"]
[SourceDate "2015.07.17"]
[SourceVersion "1"]
[SourceVersionDate "2015.07.17"]
[SourceQuality "1"]

1. e4 c5 2. Nf3 Nc6 3. d4 cxd4 4. Nxd4 Nf6 5. Nc3 e5 6. Ndb5 d6 7. Bg5 a6 8. Na3 b5 9. Nd5 Be7 10. Bxf6 Bxf6 11. c3 0-0 12. Nc2 Rb8 13. Be2 Bg5 14. 0-0 a5 15. Qd3 Ne7 16. Nce3 Be6 17. Rad1 Nxd5 18. Nxd5 f5 19. Bf3 Qc8 20. b3 g6 21. Ne3 f4 22. Nd5 Kg7 23. h3 Qc5 24. b4 Qa7 25. Bg4 Bg8 26. a3 Rb7 27. Kh2 h5 28. Be2 Bh4 29. Kg1 Be6 30. Rc1 Ra8 31. Rc2 Rc8 32. Qd2 Rbb8 33. Qd3 axb4 34. axb4 Bd7 35. Qd1 Bc6 36. Qd2 Qb7 37. Ra2 Ra8 38. Rfa1 Rxa2 39. Rxa2 Ra8 40. Rxa8 Qxa8 41. Bf1 Qa7 42. Qe1 Bd8 43. Qb1 1/2-1/2

[Event "GER-ch45 V04 email"]
[Site "GER email"]
[Date "2013.03.27"]
[Round "?"]
[White "Buhmann, Thomas"]
[Black "Dorer, Manfred"]
[Result "1/2-1/2"]
[WhiteElo "2140"]
[BlackElo "2119"]
[PlyCount "93"]
[EventDate "2013.04.08"]
[EventType "tourn (corr)"]
[EventRounds "12"]
[EventCountry "GER"]
[SourceTitle "Corr 2015"]
[Source "ChessBase"]
[SourceDate "2015.07.17"]
[SourceVersion "1"]
[SourceVersionDate "2015.07.17"]
[SourceQuality "1"]

1. d4 Nf6 2. c4 e6 3. g3 d5 4. Bg2 dxc4 5. Nf3 Nc6 6. Qa4 Bb4+ 7. Bd2 Nd5 8. Bxb4 Ndxb4 9. 0-0 Rb8 10. Na3 a6 11. Ne5 0-0 12. Nxc6 Nxc6 13. Bxc6 bxc6 14. Nxc4 Qxd4 15. Rfd1 Qe4 16. Rd2 Rb5 17. Rc1 e5 18. b3 Qg4 19. Qa3 Qe6 20. Na5 Bd7 21. Rcd1 Be8 22. Nc4 f5 23. Rd8 f4 24. e4 Qg6 25. Qe7 fxg3 26. hxg3 Qf7 27. Qxf7+ Bxf7 28. Ne3 Be6 29. R8d2 Rc5 30. Rc2 Rxc2 31. Nxc2 Rb8 32. Rc1 c5 33. Ne3 Rb5 34. Nc4 Bxc4 35. Rxc4 Kf7 36. a4 Rxb3 37. Rxc5 Rb4 38. Rxc7+ Kf8 39. f3 Rxa4 40. Rc5 a5 41. Kg2 Ra2+ 42. Kh3 a4 43. Rxe5 Rf2 44. Kg4 a3 45. Ra5 a2 46. Ra7 g6 47. f4 1/2-1/2

[Event "GER-ch45 V04 email"]
[Site "GER email"]
[Date "2013.03.27"]
[Round "?"]
[White "Buhmann, Thomas"]
[Black "Tropf, Peter"]
[Result "1/2-1/2"]
[WhiteElo "2140"]
[BlackElo "2009"]
[PlyCount "91"]
[EventDate "2013.04.08"]
[EventType "tourn (corr)"]
[EventRounds "12"]
[EventCountry "GER"]
[SourceTitle "Corr 2015"]
[Source "ChessBase"]
[SourceDate "2015.07.17"]
[SourceVersion "1"]
[SourceVersionDate "2015.07.17"]
[SourceQuality "1"]

1. d4 d5 2. c4 c6 3. Nf3 Nf6 4. e3 Bg4 5. h3 Bxf3 6. Qxf3 e6 7. Nc3 Nbd7 8. Bd3 Bb4 9. 0-0 0-0 10. Qd1 dxc4 11. Bxc4 c5 12. Qb3 cxd4 13. exd4 Qa5 14. Be3 Nb6 15. Bd3 Rac8 16. Rac1 Bd6 17. Ne4 Nxe4 18. Bxe4 Rxc1 19. Bxc1 Qa6 20. Rd1 Rc8 21. g3 g6 22. Kg2 Bf8 23. h4 Rd8 24. h5 Nd5 25. hxg6 hxg6 26. Bg5 Rd7 27. Rc1 Be7 28. Bh6 Qd6 29. a3 a6 30. Rc8+ Kh7 31. Qf3 f5 32. Bxd5 Qxd5 33. Qxd5 Rxd5 34. Bf4 Bd8 35. Be5 g5 36. f4 Kg6 37. Kf3 Rd7 38. Ke3 Kf7 39. Kd3 Kg6 40. a4 Kh5 41. b4 Kg6 42. fxg5 Kxg5 43. b5 axb5 44. axb5 Kg6 45. Kc4 Kf7 46. Bf4 1/2-1/2

[Event "GER-ch45 V04 email"]
[Site "GER email"]
[Date "2013.03.27"]
[Round "?"]
[White "Herrmann, Hans"]
[Black "Buhmann, Thomas"]
[Result "0-1"]
[WhiteElo "2054"]
[BlackElo "2140"]
[PlyCount "78"]
[EventDate "2013.04.08"]
[EventType "tourn (corr)"]
[EventRounds "12"]
[EventCountry "GER"]
[SourceTitle "Corr 2015"]
[Source "ChessBase"]
[SourceDate "2015.07.17"]
[SourceVersion "1"]
[SourceVersionDate "2015.07.17"]
[SourceQuality "1"]

1. e4 c5 2. Nf3 Nc6 3. Bb5 e6 4. 0-0 Nge7 5. c3 a6 6. Ba4 b5 7. Bc2 Bb7 8. Re1 Rc8 9. a4 b4 10. d4 Ng6 11. d5 Na5 12. Nbd2 c4 13. Nf1 b3 14. Bb1 Bc5 15. Be3 0-0 16. Bxc5 Rxc5 17. Kh1 exd5 18. e5 Nc6 19. Ng3 f6 20. Bxg6 hxg6 21. Kg1 Nxe5 22. Nxe5 fxe5 23. Rxe5 Qf6 24. Qe2 Qd6 25. f3 Bc6 26. Rg5 d4 27. Rxc5 Qxc5 28. Qf2 Qd5 29. cxd4 c3 30. bxc3 Qc4 31. Qb2 Re8 32. a5 Bd5 33. Qd2 Qb5 34. Rb1 Rb8 35. Qg5 Bc4 36. Qxb5 Rxb5 37. Ne4 b2 38. Nd6 Ba2 39. Nxb5 Bxb1 0-1

[Event "GER-ch45 V04 email"]
[Site "GER email"]
[Date "2013.03.27"]
[Round "?"]
[White "Janssen, Johann"]
[Black "Buhmann, Thomas"]
[Result "1/2-1/2"]
[WhiteElo "2123"]
[BlackElo "2140"]
[PlyCount "67"]
[EventDate "2013.04.08"]
[EventType "tourn (corr)"]
[EventRounds "12"]
[EventCountry "GER"]
[SourceTitle "Corr 2015"]
[Source "ChessBase"]
[SourceDate "2015.07.17"]
[SourceVersion "1"]
[SourceVersionDate "2015.07.17"]
[SourceQuality "1"]

1. d4 d5 2. c4 e6 3. Nc3 c5 4. cxd5 exd5 5. Nf3 Nc6 6. g3 Nf6 7. Bg2 Be7 8. 0-0 0-0 9. Bg5 c4 10. Ne5 Be6 11. b3 h6 12. Bf4 cxb3 13. Nxc6 bxc6 14. axb3 Qd7 15. Na4 Rfe8 16. Ra2 Bf5 17. Nc5 Bxc5 18. dxc5 Bh3 19. Bxh3 Qxh3 20. f3 Re7 21. Re1 Rae8 22. Qd2 Re6 23. Ra4 a5 24. Bc7 Re3 25. Bxa5 Rxb3 26. Bc3 Qe6 27. Kg2 Nd7 28. Qc2 Reb8 29. Bd4 Nf8 30. Rea1 Qe8 31. R1a2 R3b7 32. e4 dxe4 33. Qxe4 Re7 34. Qg4 1/2-1/2

[Event "GER-ch44 V04 email"]
[Site "GER email"]
[Date "2012.04.25"]
[Round "?"]
[White "Stolz, Stephan"]
[Black "Buhmann, Thomas"]
[Result "1/2-1/2"]
[WhiteElo "2088"]
[BlackElo "2135"]
[PlyCount "30"]
[EventDate "2012.04.30"]
[EventType "tourn (corr)"]
[EventRounds "10"]
[EventCountry "GER"]
[SourceTitle "Corr 2015"]
[Source "ChessBase"]
[SourceDate "2015.07.17"]
[SourceVersion "1"]
[SourceVersionDate "2015.07.17"]
[SourceQuality "1"]

1. d4 d5 2. Bf4 c5 3. e3 Nc6 4. c3 Nf6 5. Nd2 Bf5 6. Ngf3 Qb6 7. dxc5 Qxb2 8. Nd4 e5 9. Bxe5 Bg4 10. Rb1 Qa3 11. f3 Nxe5 12. fxg4 Bxc5 13. Nb5 Qxa2 14. Ra1 Qb2 15. Rb1 Qa2 1/2-1/2

[Event "GER-ch43 V06 email"]
[Site "GER email"]
[Date "2011.04.10"]
[Round "?"]
[White "Buhmann, Thomas"]
[Black "Meissner, Ruediger"]
[Result "1/2-1/2"]
[WhiteElo "2131"]
[BlackElo "2057"]
[PlyCount "63"]
[EventDate "2011.04.18"]
[EventType "tourn (corr)"]
[EventRounds "10"]
[EventCountry "GER"]
[SourceTitle "Corr 2015"]
[Source "ChessBase"]
[SourceDate "2015.07.17"]
[SourceVersion "1"]
[SourceVersionDate "2015.07.17"]
[SourceQuality "1"]
[WhiteTeam "Germany"]
[BlackTeam "Latvia"]
[WhiteTeamCountry "GER"]
[BlackTeamCountry "LAT"]

1. c4 e5 2. g3 Nf6 3. Bg2 d5 4. cxd5 Nxd5 5. Nc3 Nb6 6. Nf3 Nc6 7. 0-0 Be7 8. a3 0-0 9. b4 Be6 10. Rb1 f6 11. d3 Nd4 12. Nxd4 exd4 13. Ne4 Bd5 14. Bb2 f5 15. Nd2 Bxg2 16. Kxg2 Qd7 17. Nf3 Bf6 18. Qb3+ Kh8 19. e3 dxe3 20. Bxf6 Rxf6 21. fxe3 Rd8 22. d4 Qd5 23. Qxd5 Nxd5 24. Rb3 g6 25. Ne5 Kg7 26. Kf3 a6 27. Rc1 c6 28. a4 Nc7 29. h4 Rfd6 30. Nd3 Rb8 31. Nc5 h5 32. Nd3 1/2-1/2

[Event "GER-ch43 V06 email"]
[Site "GER email"]
[Date "2011.04.10"]
[Round "?"]
[White "Buhmann, Thomas"]
[Black "Schmidt, Theo"]
[Result "1/2-1/2"]
[WhiteElo "2131"]
[BlackElo "2092"]
[PlyCount "51"]
[EventDate "2011.04.18"]
[EventType "tourn (corr)"]
[EventRounds "10"]
[EventCountry "GER"]
[SourceTitle "Corr 2015"]
[Source "ChessBase"]
[SourceDate "2015.07.17"]
[SourceVersion "1"]
[SourceVersionDate "2015.07.17"]
[SourceQuality "1"]
[WhiteTeam "Germany"]
[BlackTeam "Latvia"]
[WhiteTeamCountry "GER"]
[BlackTeamCountry "LAT"]

1. c4 e6 2. g3 d5 3. Bg2 Nf6 4. Nf3 Be7 5. 0-0 0-0 6. d4 dxc4 7. Qc2 a6 8. Qxc4 b5 9. Qc2 Bb7 10. Bd2 h6 11. a3 Be4 12. Qc1 c6 13. Rd1 Nbd7 14. Nc3 Bh7 15. Ne5 Nxe5 16. dxe5 Nd5 17. Be3 Qb8 18. Bd4 Rd8 19. f4 Rd7 20. Be4 Nxc3 21. Bxh7+ Kxh7 22. Qxc3 Qc7 23. b4 a5 24. e3 Kg8 25. Rac1 Ra6 26. Rd2 1/2-1/2

[Event "GER Cup18 sf19 serv"]
[Site "GER email"]
[Date "2010.06.06"]
[Round "?"]
[White "Buhmann, Thomas"]
[Black "Garus, Edward"]
[Result "1/2-1/2"]
[WhiteElo "2147"]
[BlackElo "1999"]
[PlyCount "66"]
[EventDate "2010.06.21"]
[EventType "tourn (corr)"]
[EventRounds "6"]
[EventCountry "GER"]
[SourceTitle "Corr 2013"]
[Source "ChessBase"]
[SourceDate "2012.11.12"]
[SourceVersion "1"]
[SourceVersionDate "2012.11.12"]
[SourceQuality "1"]

1. c4 e5 2. g3 Nf6 3. Bg2 d5 4. cxd5 Nxd5 5. Nc3 Nb6 6. Nf3 Nc6 7. 0-0 Be7 8. a3 0-0 9. b4 Re8 10. Rb1 Bf8 11. d3 Nd4 12. Nd2 a5 13. b5 Rb8 14. e3 Ne6 15. Nf3 Nc5 16. d4 exd4 17. Nxd4 Qd6 18. Qc2 Bg4 19. Nce2 Qg6 20. Rb2 Bd6 21. Nf4 Qxc2 22. Rxc2 a4 23. Bb2 Bd7 24. Rd1 Nb3 25. Bf3 Re5 26. Be2 Rc5 27. Rxc5 Nxc5 28. Nc2 Nb3 29. Bc3 Re8 30. Nb4 Bf5 31. Nfd5 Nxd5 32. Rxd5 Be6 33. Rd1 h6 1/2-1/2

[Event "GER-ch42 V08 serv"]
[Site "GER email"]
[Date "2010.04.08"]
[Round "?"]
[White "Buhmann, Thomas"]
[Black "Sharf"]
[Result "1-0"]
[WhiteElo "2147"]
[BlackElo "2122"]
[PlyCount "63"]
[EventDate "2010.04.19"]
[EventType "tourn (corr)"]
[EventRounds "12"]
[EventCountry "GER"]
[SourceTitle "Corr 2013"]
[Source "ChessBase"]
[SourceDate "2012.11.12"]
[SourceVersion "1"]
[SourceVersionDate "2012.11.12"]
[SourceQuality "1"]

1. c4 Nf6 2. g3 e5 3. Bg2 Bc5 4. Nc3 Nc6 5. e3 0-0 6. Nge2 d6 7. d4 Bb6 8. 0-0 Bf5 9. h3 h6 10. g4 Bh7 11. f4 Qe7 12. f5 Rfe8 13. d5 Nb8 14. Na4 Nbd7 15. Nxb6 Nxb6 16. b3 a5 17. Qc2 Nbd7 18. e4 Nc5 19. Be3 Rec8 20. Nc3 Na6 21. Rad1 Nb4 22. Qf2 Rf8 23. Bf3 Nd7 24. h4 f6 25. Qg2 b6 26. g5 fxg5 27. hxg5 hxg5 28. Bxg5 Nf6 29. Rd2 Qf7 30. Qh3 Kh8 31. a3 Na6 32. Rh2 1-0

[Event "GER-ch42 V08 serv"]
[Site "GER email"]
[Date "2010.04.08"]
[Round "?"]
[White "Buhmann, Thomas"]
[Black "Stolz, Stephan"]
[Result "1/2-1/2"]
[WhiteElo "2147"]
[BlackElo "2094"]
[PlyCount "80"]
[EventDate "2010.04.19"]
[EventType "tourn (corr)"]
[EventRounds "12"]
[EventCountry "GER"]
[SourceTitle "Corr 2013"]
[Source "ChessBase"]
[SourceDate "2012.11.12"]
[SourceVersion "1"]
[SourceVersionDate "2012.11.12"]
[SourceQuality "1"]

1. c4 f5 2. g3 Nf6 3. Bg2 e5 4. Nc3 Nc6 5. e3 g6 6. Nge2 Bg7 7. 0-0 0-0 8. d3 d6 9. Qb3 a5 10. Bd2 Qd7 11. Nd5 Nxd5 12. cxd5 Nd8 13. Rac1 b6 14. f4 Ba6 15. fxe5 a4 16. Qc2 dxe5 17. Qxc7 Qb5 18. Rfd1 Rf7 19. Qc4 Qd7 20. Qb4 Bxd3 21. d6 Ra7 22. Nc3 e4 23. Nd5 Bf8 24. Bf1 Bxd6 25. Qd4 Ne6 26. Nf6+ Rxf6 27. Qxf6 Bc5 28. b4 Bf8 29. Qb2 Bxf1 30. Rxf1 Ng5 31. Bc3 Nf3+ 32. Kg2 Qd3 33. Bd4 Rd7 34. Bxb6 Nd2 35. Rf2 Nc4 36. Rxc4 Qxc4 37. Qe5 Qd5 38. Qe8 a3 39. Qc8 Qb7 40. Qc4+ Qd5 1/2-1/2

[Event "GER-ch42 V08 serv"]
[Site "GER email"]
[Date "2010.04.08"]
[Round "?"]
[White "Hoebel, Hartmut"]
[Black "Buhmann, Thomas"]
[Result "1/2-1/2"]
[WhiteElo "2172"]
[BlackElo "2147"]
[PlyCount "95"]
[EventDate "2010.04.19"]
[EventType "tourn (corr)"]
[EventRounds "12"]
[EventCountry "GER"]
[SourceTitle "Corr 2013"]
[Source "ChessBase"]
[SourceDate "2012.11.12"]
[SourceVersion "1"]
[SourceVersionDate "2012.11.12"]
[SourceQuality "1"]

1. d4 Nf6 2. c4 g6 3. Nc3 Bg7 4. e4 d6 5. Be2 0-0 6. Bg5 c5 7. d5 h6 8. Bf4 e6 9. dxe6 Bxe6 10. Qd2 Qa5 11. f3 Kh7 12. Nd5 Qxd2+ 13. Kxd2 Nc6 14. Bxd6 Rfd8 15. Bg3 b5 16. Kc1 Nd4 17. Nc7 Rac8 18. Nxb5 Nxe2+ 19. Nxe2 Bxc4 20. Nec3 Nh5 21. Nxa7 Ra8 22. Nab5 Bf6 23. f4 g5 24. e5 gxf4 25. exf6 fxg3 26. a4 gxh2 27. Rxh2 Nxf6 28. Kc2 Ng4 29. Rh3 Nf2 30. Rh4 Bd3+ 31. Kb3 f5 32. Ka3 Rg8 33. Nd6 Rad8 34. Nb7 Rd4 35. Rh2 Rc8 36. Na5 Be4 37. Nb3 Rd3 38. Rg1 Kg6 39. g3 Ng4 40. Re2 c4 41. Nc1 Rf3 42. Kb4 Ne3 43. Rd2 Kf6 44. a5 Nc2+ 45. Kb5 Rb8+ 46. Kc5 Ke5 47. Rgd1 Ne3 48. Rg1 1/2-1/2

[Event "GER MS-092 email"]
[Site "GER email"]
[Date "2010.01.21"]
[Round "?"]
[White "Herrmann, Hans"]
[Black "Buhmann, Thomas"]
[Result "1/2-1/2"]
[WhiteElo "2038"]
[BlackElo "2147"]
[PlyCount "78"]
[EventDate "2010.01.27"]
[EventType "tourn (corr)"]
[EventRounds "6"]
[EventCountry "GER"]
[SourceTitle "Corr 2013"]
[Source "ChessBase"]
[SourceDate "2012.11.12"]
[SourceVersion "1"]
[SourceVersionDate "2012.11.12"]
[SourceQuality "1"]

1. e4 c5 2. Nf3 d6 3. d4 cxd4 4. Nxd4 Nf6 5. Nc3 g6 6. Be3 Bg7 7. f3 0-0 8. Qd2 Nc6 9. 0-0-0 d5 10. exd5 Nxd5 11. Nxc6 bxc6 12. Bd4 e5 13. Bc5 Be6 14. Ne4 Re8 15. h4 h6 16. g4 Qc7 17. g5 h5 18. Bc4 Red8 19. Qf2 Qb7 20. Rhe1 Nf4 21. Bf1 Rd5 22. Rd2 Rad8 23. Red1 Kh7 24. b3 Qc7 25. c4 Rxd2 26. Rxd2 Rxd2 27. Qxd2 Bf5 28. Nf6+ Bxf6 29. gxf6 Ne6 30. Bd6 Qd8 31. Bxe5 Qb6 32. Bg3 a5 33. Kb2 a4 34. b4 c5 35. b5 Nd4 36. Qe3 Qxf6 37. Qe5 a3+ 38. Kxa3 Qd8 39. Qc7 Nc2+ 1/2-1/2